C++ : for beginners masters (Record no. 209800)

MARC details
000 -LEADER
fixed length control field 00430nam a2200169Ia 4500
008 - FIXED-LENGTH DATA ELEMENTS--GENERAL INFORMATION
fixed length control field 231221s9999 xx 000 0 und d
020 ## - INTERNATIONAL STANDARD BOOK NUMBER
International Standard Book Number 9790000000000
041 ## - LANGUAGE CODE
Language code of text/sound track or separate title English
082 ## - DEWEY DECIMAL CLASSIFICATION NUMBER
Classification number 001.6424C AST;1
100 ## - MAIN ENTRY--PERSONAL NAME
Personal name Asthana, Ankit.
245 #0 - TITLE STATEMENT
Title C++ : for beginners masters
260 ## - PUBLICATION, DISTRIBUTION, ETC.
Date of publication, distribution, etc. 2007
Name of publisher, distributor, etc. New Age International
Place of publication, distribution, etc. New Delhi
300 ## - PHYSICAL DESCRIPTION
Extent xi+624
300 ## - PHYSICAL DESCRIPTION
Dimensions 54856
650 ## - SUBJECT ADDED ENTRY--TOPICAL TERM
Topical term or geographic name entry element C++,beginners,masters
942 ## - ADDED ENTRY ELEMENTS (KOHA)
Koha item type Compact Disks
Holdings
Date last seen Total checkouts Full call number Accession number Price effective from Category Lost status Damaged status Department Withdrawn status Home library Current library Shelving location Entry date Vendor Grants Billnumber Billdate Currency symbol Conversion rate Discount Old discount
26/01/2024   001.6424C AST;1 CD4200 26/01/2024 Compact Disks     MCA   Central Library Central Library MCA   Book Paradise MCA 54626 26/01/2013 RS 1    
26/01/2024   001.6424C AST;2 CD4201 26/01/2024 Compact Disks     MCA   Central Library Central Library MCA   Book Paradise MCA 54626 26/01/2013 RS 1    
26/01/2024   001.6424C AST;3 CD4741 26/01/2024 Compact Disks     Central Library   Central Library Central Library Central Library   Royal Biblioman MCA RB-062 25/02/2014 RS 1    

© For any Suggestions or Query, please contact the library staff @ librarian@pes.edu or Phone: +9180 2672 1983/ 2108.